000 00777cam a22002172 4500
001 0000007363
005 20151217152030.0
008 080116s xx 000 0 eng d
020 _a921131092 :
040 _aKABU
_cKABU
245 1 0 _aStrategies for low-income shelter and services development :
_bthe rental-housing option.
260 _aNairobi :
_bHabitat,
_c1989.
300 _aiii, 45 p.
650 0 _aRental housing
_zDeveloping countries.
_@0000158587
650 0 _aHousing policy
_zDeveloping countries.
_@0000158586
852 1 _9p800 KES
852 1 _9p800 KES
852 1 _9p300 KES
908 _a080116
950 _@1
999 _c7499
_d7499